000 00583nam a2200193Ia 4500
003 IN-BaIIA
008 211028s9999 xx 000 0 eng d
040 _cIIA Library
080 _a524.83
_bHEI
100 _aHeidmann, Jean
_98046
245 0 _aIntroduction a la cosmologie
_cJean Hiedmann
260 _aFrance
_bPresses Universitaires De France
_c1973
300 _a238p.
490 _aLe Physicien Section Dirigee Par Hubert Curien; v. 7
650 _a Cosmology 
_98047
650 _a Universe
_98048
650 _aAstronomy and astrophysics thesaurus 
_91143
942 _cBK
999 _c4573
_d4573